| 000 | 01504cam a2200373 a 4500 | ||
|---|---|---|---|
| 999 |
_c16844 _d16844 |
||
| 001 | 3471545 | ||
| 003 | EG-ScBUE | ||
| 005 | 20191230104123.0 | ||
| 008 | 931221t1994 nyu f 001 0 eng d | ||
| 020 | _a9780156724005 | ||
| 040 |
_aDLC _beng _erda _cDLC _dDLC _dEG-ScBUE |
||
| 082 | 0 | 4 |
_a808.1 _bOLI _222 |
| 100 | 1 |
_aOliver, Mary, _d1935-2019, _eauthor. _930473 |
|
| 245 | 1 | 2 |
_aA poetry handbook / _cMary Oliver. |
| 246 | 3 | 4 |
_apoetry handbook : _bprose guide to understanding and writing poetry |
| 264 | 1 |
_aOrlando, Florida : _bHarcourt, Inc. : _c[1994] |
|
| 264 | 4 | _cc 1994 | |
| 300 |
_aviii, 130 pages ; _c21 cm |
||
| 336 |
_2rdacontent _atext _btxt |
||
| 337 |
_2rdamedia _aunmediated _bn |
||
| 338 |
_2rdacarrier _avolume _bnc |
||
| 500 | _a"A Harvest original." | ||
| 500 | _aIncludes index. | ||
| 520 | _aOffers advice on reading and writing poetry, and discusses imitation, sound, the line, poem forms, free verse, diction, imagery, revision, and workshops. | ||
| 586 | _aBy the winner of the Pulitzer prize and the national book award. | ||
| 590 | _ahager | ||
| 650 | 7 |
_aEnglish language _xVersification. _2BUEsh _930474 |
|
| 650 | 7 |
_aAmerican poetry _xHistory and criticism. _2BUEsh _930475 |
|
| 650 | 7 |
_aEnglish poetry _xHistory and criticism _2BUEsh _930476 |
|
| 653 |
_bHHUUEENN _cJuly2019 |
||
| 655 | _vReading book | ||
| 942 |
_2ddc _cBB |
||